000 00588nam a2200205Ii 4500
003 JO-AjNU
008 230605s9999||||xx |||||||||||||| ||und||
040 _aJO-AjNU
_bara
_erda
_cJO-AjNU
041 _aara
050 1 4 _aQH581.2.H55 2004
100 3 _aبريمر ، جون,
_eauthor
_938229
245 0 0 _aالشفاء بالعصائر
250 _aط1
264 3 1 _aعمان:الاهلية ، 2004
300 _a224ص
336 _atext
_btxt
_2rdacontent
337 _aunmediated
_bn
_2rdamedia
338 _avolume
_bnc
_2rdacarrier
650 4 _aالشفاء -عصائر
_938230
999 _aA16044
_c19612
_d19612